| 000 | 00606nam a2200229 a 4500 | ||
|---|---|---|---|
| 005 | 20210219153435.0 | ||
| 008 | 991125n 000 0 eng u | ||
| 035 | _aUPN01000099801 | ||
| 100 | 1 | _aDoerr, Edd | |
| 222 | _aPHI DELTA KAPPAN | ||
| 245 | _aShould tax dollars subsidize bigotry? | ||
| 300 | _a165-167 | ||
| 362 | 0 | _a1992 Vol. 74, no. 2 | |
| 653 | 0 | _aEDUCACION PRIVADA | |
| 653 | 0 | _aDISCRIMINACION RELIGIOSA | |
| 653 | 0 | _aDISCRIMINACION SOCIAL | |
| 653 | 0 | _aESCUELAS PARROQUIALES | |
| 700 | 1 | _aMenéndez, Albert J., | |
| 700 | 1 | _ecoaut. | |
| 904 |
_aAC _b037612 |
||
| 905 | _aArticulo | ||
| 999 |
_c76894 _d76894 |
||